Las Relaciones económicas y comerciales entre América Latina y el Caribe y la Unión Europea /
Uloženo v:
| Hlavní autor: | |
|---|---|
| Médium: | Text |
| Témata: | |
| Tagy: |
Přidat tag
Žádné tagy, Buďte první, kdo vytvoří štítek k tomuto záznamu!
|
MARC
| LEADER | 00000 a a2200000 04500 | ||
|---|---|---|---|
| 001 | 16472 | ||
| 003 | |||
| 040 | |||
| 100 | |a Armendáriz Etchegaray, Manuel | ||
| 245 | |a Las Relaciones económicas y comerciales entre América Latina y el Caribe y la Unión Europea / |c Manuel Armendáriz Etchegaray | ||
| 650 | |a RELACIONES INTERNACIONALES | ||
| 650 | |a DESARROLLO ECONOMICO | ||
| 650 | |a ECONOMIA | ||
| 650 | |a COMERCIO INTERNACIONAL | ||
| 650 | |a POLITICA | ||
| 650 | |a INTEGRACION REGIONAL | ||
| 650 | |a ORGANISMOS INTERNACIONALES | ||
| 650 | |a ORGANIZACIONES NO GUBERNAMENTALES | ||
| 650 | |a LIBERALIZACION DEL INTERCAMBIO | ||
| 773 | |g número 58; páginas 45-72 | ||
| 999 | |c 38747 |d 38747 | ||
